000 02028cam a22004694i 4500
003 PE-LiUPU
005 20250731172939.0
008 150623s r 000 0 d
020 _a1570031746
035 _a(Sirsi) i9781570031748
040 _aPE-LiUPU
_bspa
_cPE-LiUPU
_erda
049 _aPRUA
082 0 4 _a225.92
_bP17
_221
100 1 _aPainter, John,
_eautor.
245 1 0 _aJust James :
_bthe brother of Jesus in history and tradition /
_cJohn Painter.
264 1 _aColumbia, South Carolina :
_bUniversity of South Carolina,
_c1997.
300 _a326 p. :
_b24 cm.
336 _atext
_2rdacontent
337 _aunmediated
_2rdamedia
338 _avolume
_2rdacarrier
490 0 _aStudies on personalities of the New Testament
504 _aIncluye bibliografía.
505 0 _aThe Gospel: James and the family of Jesus.- Acts: James as convert or foundation leader.- The letters of Paul: Paul and James.- James, Peter, Metthew, and Paul: Diversity and conflict in the two missions.- Tradition in Eusebius: James the Just, Brother of the lord, first bishop and Martyr.- The Nag Hammadi library: James as Successor to Jesus and repository of secret tration.- The Apocrypha and later Christian evidence: Bishop of bishops and Bulwark of Truth.- Jewish Christianity, the righteous sufferer, and the Epistle of James.
526 _aSEG42
526 _aSEG41
526 _aSEG40
526 _aSEG39
526 _aP94
526 _aP87
526 _aP86
526 _aP85
526 _aP77
526 _aP76
526 _aP35
600 1 _aSantiago, el hermano del Señor
942 _2ddc
_cBOOK
949 _a225.92 P17
_wDEWEY
_c1
_i44500
_lCCODEBUL1
_mBUL
_r0
_sY
_tBOOK
_u2015-6-24
_xTEOLOGIA
_PP35
_0COMPRA
_o.STAFF. Colección General
994 _aC0
_bPEPRU
596 _a1
999 _a225.92 P17
_wDEWEY
_c21381
_i44500
_d21381
_f2021-11-9
_g6
_lCCODEBUL1
_mBUL
_q1
_r0
_sY
_tBOOK
_u2015-6-24
_xTEOLOGIA
_PP35
_0COMPRA
_o.STAFF. Colección General
980 _81
_gALBERTO SANCHEZ Responsable de Automatización